000 01028nam a2200289Ia 4500
005 20220317000231.0
008 141031s9999 ck 000 0 spa d
020 _a9789685389648
100 1 _aLandmann, Bimba
245 _aEl increíble viaje de Ulises
_ctexto e ilustraciones Bimba Landmann ; traducción de Caterina Camastra
250 _a1a edición
_b 2a reimpresión
300 _a[60] páginas sin enumerar
_bilustraciones en color
_c32 cm.
490 _aLos clásicos del naranjo
534 _tL'incredibile viaggio di Ulisse
650 1 4 _2LEMB
_aLa odisea
_xAdaptaciones
650 1 4 _2LEMB
_aLiteratura clásica
650 1 4 _2LEMB
_aMitología griega
_xAdaptaciones
650 1 4 _2LEMB
_aLiteratura épica griega
700 1 _aCamastra, Caterina
_etraductor
_910408
942 _2loc
_cBKLIT
264 _aMéxico
_bEdiciones el Naranjo
_c2013
336 _atexto
_btxt
_2rdacontent
337 _asin mediación
_bn
_2rdamedia
338 _avolumen
_bnc
_2rdacarrier
040 _aCO-BoRNBP
_bspa
_erda
_cCO-BoRNBP
084 _aA LAN4
999 _c3475
_d3475